| 000 | 00741nam a2200181Ia 4500 | ||
|---|---|---|---|
| 008 | 090201s9999 xx 000 0 und d | ||
| 010 | _aKPL-71641 | ||
| 040 | _bमराठी | ||
| 041 | _aमराठी | ||
| 082 |
_a51730 _b71641 |
||
| 100 | _aप्रधान जी.के. /अनु.जोशी रामचंद्र ज. | ||
| 245 |
_aसाद देती हिमशिखरे (रामबाग) _cप्रधान जी.के. /अनु.जोशी रामचंद्र ज. |
||
| 250 | _a15 | ||
| 260 |
_c2006 _bभारतीय विद्या भवन |
||
| 300 |
_a250 _bमध्यम |
||
| 600 | _aसाद देती हिमशिखरे (रामबाग) | ||
| 942 | _cBOOK | ||
| 999 |
_c248193 _d248193 |
||